00325nam a2200133Ia 45000030006000000080041000060400015000471000020000622450025000822600047001073000006001545460014001600050017001740STCL150530s9999 xx 000 0 und d aSTCLcSTCL aEzhuthachan V K aMadyakala Kavithakal bAjith Book Centre; Ottapalamc0aOttapalam a0 aMalayalam20220125170733.0